000
00301nam a22001097a 4500
008
160613b xxu||||| |||| 00| 0 eng d
020
_a
9781416040842
041
_a
eng
080
_a
618.2
245
_a
Teaching in nursing / A guide for faculty:
_c
Diane M. Billings; Judith A. Halstead;
942
_2
udc
_c
BK
999
_c
2446
_d
2446